000 00343nam a22001217a 4500
005 20250901165810.0
008 250324b |||||||| |||| 00| 0 eng d
020 _a9789966715906
050 _aPL 8708.9 .M38 2016
245 _aBOBBY MAPESA
_bNA HADITHI NYINGINE
_cMATUNDURA BITUGI
260 _aNAIROBI
_bFINESSE PUBLISHING LTD
_c2016
942 _2lcc
999 _c9381
_d9381